Sports Quiz

Random Sports Quiz
Score 0/14 Timer 04:00
0 Plays Today
Hint Answer % Correct
NBA ChampionLos Angeles Lakers
81.3%
World CupItaly
79.2%
Super BowlSan Francisco
75%
Wimbledon-Men'sJImmy Connors
66.7%
World SeriesSt. Louis Cardinals
66.7%
Stanley CupNew York Islanders
60.4%
NHL MVPWayne Gretzky
58.3%
Hint Answer % Correct
NBA MVPMoses Malone
56.3%
AL MVPRobin Yount
45.8%
NL MVPDale Murphy
43.8%
Ballon D'Or Paolo Rossi
29.2%
European Cup (Club football/soccer)Aston Villa
27.1%
MastersCraig Stadler
14.6%
NFL MVPKen Anderson
14.6%
Remove Ads.
Support Sporcle.
Get the best of Sporcle when you Go Orange. This ad-free experience offers more features, more stats, and more fun while also helping to support Sporcle. Thank you for becoming a member.

You're not logged in!

Compare scores with friends on all Sporcle quizzes.
OR
Log In

Show Comments

Extras

Created Jan 6, 2015ReportNominate
Tags:Won

Top Quizzes Today


Score Distribution

Your Account Isn't Verified!

In order to create a playlist on Sporcle, you need to verify the email address you used during registration. Go to your Sporcle Settings to finish the process.

Report this User

Report this user for behavior that violates our Community Guidelines.

Details: